Logo BPK

Biblioteka

Politechniki Koszalińskiej

Pharaos Volk : (Rekord nr 50667)

Szczegóły MARC
000 -ETYKIETA REKORDU
podpole kontrolne o stałej długości 00593nam a2200193 i 4500
001 - NUMER KONTROLNY REKORDU
pole kontrolne bgj
020 ## - MIĘDZYNARODOWY ZNORMALIZOWANY NUMER KSIĄŻKI - ISBN
ISBN 3760807453
040 ## - ŹRÓDŁO KATALOGOWANIA
Instytucja, która utworzyła rekord BPK
041 0# - KOD JĘZYKA
Kod języka tekstu ger
920 ## - Międzynarodowy znormalizowany numer książki – ISBN
ISBN 3-76080745-3
008 - POLE O STAŁEJ DŁUGOŚCI - DANE KONTROLNE
podpole kontrolne o stałej długości s gw f |000 0 ger
100 1# - NAZWA OSOBOWA
Nazwa osobowa JAMES, [Thomas] [Garnet] [Henry]
245 10 - TYTUŁ/ODPOWIEDZIALNOŚĆ
Tytuł Pharaos Volk :
Ciąg dalszy tytułu Leben im alten Ägypten /
Pozostałe elementy strefy tytułu i oznaczenia odpowiedzialności T. G. H. James.
260 ## - STREFA ADRESU WYDAWNICZEGO
Miejsce wydania Zürich :
Nazwa wydawcy/dystrybutora Artemis Verlag,
Data publikacji, dystrybucji/powstania dokumentu c. 1988.
300 ## - STREFA OPISU FIZYCZNEGO
Objętość 310, [2] :
Inne cechy fizyczne Ill., Karten ;
Rozmiary 21 cm.
504 ## - UWAGA DOTYCZĄCA BIBLIOGRAFII
Informacje o bibliografii Bibliographie S. [311-312].
651 #9 - HASŁO PRZEDMIOTOWE W FORMIE NAZWY GEOGRAFICZNEJ
Nazwa geograficzna Ägypten, Altertum
Określnik ogólny Alltag
Określnik chronologiczny Geschichte 1500 v. Chr - 1400 v. Chr.
856 ## - LOKALIZACJA I DOSTĘP DO ELEKTRONICZNYCH DOKUMENTÓW ZDALNYCH
Link (URL) http://koha.tu.koszalin.pl/cgi-bin/koha/opac-detail.pl?biblionumber=50667
Tekst linku Katalog online BPK
942 ## - DODATKOWE ELEMENTY (KOHA)
Typ dokumentu Książka
Egzemplarze
Wycofany Status egzemplarza Uszkodzony Dostępność Lokalizacja stała Lokalizacja bieżąca Miejsce przechowywania Sygnatura Kod kreskowy Dział Typ dokumentu
      Tylko na miejscu Biblioteka Politechniki Koszalińskiej Biblioteka Politechniki Koszalińskiej Czytelnia Wydziałowa ul. Kwiatkowskiego 6e N 756 01581317 93/94=112.2 Historia (język niemiecki) Książka
© 2023 Biblioteka Politechniki Koszalińskiej :: KOHA